| 000 | 00643nam a2200205 a 4500 | ||
|---|---|---|---|
| 001 | 22732 | ||
| 003 | CO-ViMGA | ||
| 008 | 141112s2004 ck r 000 u spa d | ||
| 020 | _a8420667285 | ||
| 040 |
_aCO-ViMGA _bspa _cCO-ViMGA |
||
| 082 | 0 | 4 | _aMEVIGAEMP D145h |
| 100 | 1 |
_aDahl Svend _932418 |
|
| 245 | 1 | 0 | _aHistoria del libro |
| 260 |
_aEspaƱa : _bAlianza |
||
| 300 | _a319p. | ||
| 505 | _aLa antiguedad, La edad media, Fin de la edad media siglo XVI, El siglo XVII, El siglo XVIII, El siglo XIX y comienzos del XX, La epoca posterior a 1914 | ||
| 650 | 1 | 4 | _aLIBRO - HISTORIA |
| 650 | 1 | 4 |
_aLIBROS - HISTORIA _932419 |
| 942 |
_2ddc _cBK |
||
| 999 |
_c31030 _d31030 |
||